00775nam a22002057a 4500999001900000005001700019010001500036020003000051035001400081037001300095082000800108100002800116245005800144260006000202270009100262300002000353700005600373942002200429952011800451 c167150d16715020190822145116.0 aENG-126274 c150.00a978-93-84566-18-0 aEN-109806 bDBAD/PUB a920 aChakravortty, Panchanan aBiplabi Purna Chandra Das/cby Panchanan Chakravortty aKolkatabInstitute Of Social And Cultural Studiesc2017 bKolkataa48/2, Dr. Suresh Sarkar Road Kolkatae700014k033-65339003miscskol@gmail.com a88p.c21cm(pbk) aedited by Asim Pada Chakrabarti [and] Goutam Biswas 2ddccENh920mCHA 001040708NFICaAVbAVd2019-08-22eDBAD/PUBg150.00l0o920 CHApEN-109806r2019-08-22 00:00:00t1v150.00yEN